आकाश दर्शन / (Record no. 62118)
[ view plain ]
| 000 -LEADER | |
|---|---|
| fixed length control field | 03256nam a22003377a 4500 |
| 005 - DATE AND TIME OF LATEST TRANSACTION | |
| control field | 20120207113142.0 |
| 010 ## - LCCN (DPL NO) | |
| LC control number | B-471063-071 |
| 020 ## - INTERNATIONAL STANDARD BOOK NUMBER | |
| International Standard Book Number | 9788126705658 |
| Terms of availability | 450.00 |
| 035 ## - SYSTEM CONTROL NUMBER | |
| System control number | B-471063-071 |
| 037 ## - SOURCE OF ACQUISITION | |
| Source of stock number/acquisition | के.के.पब्लिकेशंस |
| 082 ## - DEWEY DECIMAL CLASSIFICATION NUMBER | |
| Classification number | 520 |
| 100 ## - MAIN ENTRY--PERSONAL NAME | |
| Personal name | मुले, गुणाकर |
| 245 ## - TITLE STATEMENT | |
| Title | आकाश दर्शन / |
| Statement of responsibility, etc | गुणाकर मुले |
| 250 ## - EDITION STATEMENT | |
| Edition statement | 6ठा संस्क |
| 260 ## - PUBLICATION, DISTRIBUTION, ETC. (IMPRINT) | |
| Place of publication, distribution, etc | नई दिल्ली |
| Name of publisher, distributor, etc | राजकमल प्रकाशन |
| Date of publication, distribution, etc | 2010 |
| 270 ## - ADDRESS | |
| Address | 7/31, 1-बी, नेताजी सुभाष मार्ग |
| City | नई दिल्ली |
| Postal code | 110002 |
| 300 ## - PHYSICAL DESCRIPTION | |
| Extent | 376पृ. |
| Dimensions | 22सेमी (सजिल्द) |
| Other physical details | सचित्र |
| 700 ## - ADDED ENTRY--PERSONAL NAME | |
| 9 (RLIN) | 41026 |
| 942 ## - ADDED ENTRY ELEMENTS (KOHA) | |
| Source of classification or shelving scheme | Dewey Decimal Classification |
| Item type | Hindi Books |
| Call number suffix | मुलेगु |
| Classification part | 520 |
| Withdrawn status | Lost status | Not for loan | Home library | Current library | Date acquired | Cost, normal purchase price | Full call number | Cost, replacement price | Koha item type | Collection code | Source of acquisition | Barcode | Copy number |
|---|---|---|---|---|---|---|---|---|---|---|---|---|---|
| Ordered | Andrews Gunj | Andrews Gunj | 07/02/2012 | 450.00 | मुलेगु | 450.00 | Hindi Books | ||||||
| Central Library | Central Library | 21/06/2012 | 450.00 | 520 मुलेगु | 450.00 | Hindi Books | Non-fiction | के.के.पब्लिकेशंस/1884/24.03.12/35/20.03.12/29.03.12 | B-471063 | 1 | |||
| Karol Bagh | Karol Bagh | 21/06/2012 | 450.00 | 520 मुलेगु | 450.00 | Hindi Books | Non-fiction | के.के.पब्लिकेशंस/1884/24.03.12/35/20.03.12/29.03.12 | B-471070 | 1 | |||
| Mobile Library | Mobile Library | 21/06/2012 | 450.00 | 520 मुलेगु | 450.00 | Hindi Books | Non-fiction | के.के.पब्लिकेशंस/1884/24.03.12/35/20.03.12/29.03.12 | B-471064 | 2 | |||
| Mobile Library | Mobile Library | 21/06/2012 | 450.00 | 520 मुलेगु | 450.00 | Hindi Books | Non-fiction | के.के.पब्लिकेशंस/1884/24.03.12/35/20.03.12/29.03.12 | B-471065 | 2 | |||
| New Police Line | New Police Line | 21/06/2012 | 450.00 | 520 मुलेगु | 450.00 | Hindi Books | Non-fiction | के.के.पब्लिकेशंस/1884/24.03.12/35/20.03.12/29.03.12 | B-471066 | 1 | |||
| Patel Nagar | Patel Nagar | 21/06/2012 | 450.00 | 520 मुलेगु | 450.00 | Hindi Books | Non-fiction | के.के.पब्लिकेशंस/1884/24.03.12/35/20.03.12/29.03.12 | B-471067 | 1 | |||
| Sarojini Nagar | Sarojini Nagar | 21/06/2012 | 450.00 | 520 मुलेगु | 450.00 | Hindi Books | Non-fiction | के.के.पब्लिकेशंस/1884/24.03.12/35/20.03.12/29.03.12 | B-471068 | 1 | |||
| Shahdara Branch | Shahdara Branch | 21/06/2012 | 450.00 | 520 मुलेगु | 450.00 | Hindi Books | Non-fiction | के.के.पब्लिकेशंस/1884/24.03.12/35/20.03.12/29.03.12 | B-471071 | 1 | |||
| Vinoba Puri | Vinoba Puri | 21/06/2012 | 450.00 | 520 मुलेगु | 450.00 | Hindi Books | Non-fiction | के.के.पब्लिकेशंस/1884/24.03.12/35/20.03.12/29.03.12 | B-471069 | 1 |
